| 000 | 00489 a2200169 4500 | ||
|---|---|---|---|
| 999 |
_c5728 _d5728 |
||
| 020 | _a9780174483076 | ||
| 050 | _a QD 5 HIL 2001 | ||
| 100 |
_aHill, Graham _eauthor |
||
| 245 |
_aChemistry in context: _blaboratory manual/ _cGraham Hill and John Holman |
||
| 250 | _a5th ed. | ||
| 264 |
_aCheltenham: _bNelson Thornes, _c2001 |
||
| 300 |
_a148p.: _bill. |
||
| 500 | _aNo index | ||
| 650 | _aChemistry | ||
| 700 |
_aHolman, John _eauthor |
||
| 942 |
_2lcc _cBK _e5th _h5 _iHIL _kQD |
||